000 00837nam a2200217 4500
003 OSt
005 20240730053530.0
006 a
008 240730b |||||||| |||| 00| 0 eng d
020 _a9780470407646
040 _aDWCL-Main lib.
_cOC
082 _aCirc. 510.71073 M985m 2010
100 _aMuschla, Judith A.
245 _aMath teacher’s survival guide : practical strategies, management techniques, and reproducibles for new and experienced teachers, grade 5-12 /
260 _aSan Francisco, Calif. :
_bJossey-Bass,
_cc2010.
300 _axix,
_b348 p. : ill. ;
_c28 cm.
504 _aIncludes bibliographical references & index.
650 _a1. Mathematics-Study and teaching(Secondary)-United states.
650 _a2. Mathematics-Study and Teaching9elementary)-United States.
942 _2ddc
_n0
_cBK-CIRC
_kCirc.
999 _c2958
_d2958